01649nam a2200409 a 4500008004100000020001500041041000800056100002400064245008700088250001100175260005300186300001100239500016100250653003800411653004300449653003300492653003300525653001700558653005200575653003900627653005200666653001700718653004600735653005200781653004300833653004300876653002700919653004500946653003300991653004001024653002301064653001301087653003801100653003901138653003501177700002701212111212s1996 sp ||||f |||| 001 0 spa d a8479032200 aspa1 aRegueiro, José R. aInmunología. bBiología y Patología del Sistema Inmune /cJosé R. Regueiro a1a ed. aMadrid:bEditorial Médica Panamericana;c1996. a178 p. aRegueiro, J. R. y López Larrea, C. (1996). Inmunología. Biología y patología del sistema inmune. (1a ed.). Madrid : Editorial Médica Panamericana. aIntroducción a la inmunología aCélulas y tejidos del sistema inmune aAnticuerpos y sus receptores aComplemento y sus receptores aLinfocitos B aGeneración del repertorio de los linfocitos B aMoléculas de histocompatibilidad aPresentación de antígenos a los linfocitosT aLinfocitos T aReceptor para antígenos de linfocitos T aGeneración del repertorio de los linfocitos T aGeneración de linfocitos T efectores aGeneración de linfocitos B efectores aCitocinas y receptores aMoléculas de adhesión y sus ligandos aRespuesta inmune en acción aRegulación de la respuesta inmune ainmunodeficiencias aAlergias aAutoinmunidad y la autotolerancia aAloinmunidad o rechazo de injertos aInmunidad frente a los tumores1 aLópez Larrea, Carlos